| 000 | 01056nam0a22002771 4500 | ||
|---|---|---|---|
| 001 | rc\4536095 | ||
| 005 | 20130416182300.3 | ||
| 021 |
_aRU _b69-71/2 |
||
| 021 |
_aRU _bРг1197-69 |
||
| 035 | _a(NLR Aleph) 008358185 | ||
| 090 |
_a8981054 _c8981054 |
||
| 100 | _a20130416d1968 |||y0rusy50 ca | ||
| 101 | 0 | _arus | |
| 102 | _aRU | ||
| 105 | _aa z ||||| | ||
| 200 | 1 |
_aКислородное оборудование самолетов и высотное снаряжение летчика _e(Учеб. пособие) _fХарьк. высш. воен. авиац. училище им. дважды Героя Советского Союза С.И. Грицевец |
|
| 210 |
_aХарьков _cБ. и. _d1968 |
||
| 215 |
_a[1], 62 л. _cил. _d29 |
||
| 300 | _aАвт. указан на обл. | ||
| 300 | _aОтпеч. множит. аппаратом | ||
| 700 | 1 |
_aКозлов _bН. В. _gНиколай Владимирович |
|
| 801 | 0 |
_aRU _bNLR _gpsbo |
|
| 801 | 1 |
_aRU _bELAR _2rusmarc |
|
| 852 |
_aNLR _j69-8/173 |
||
| 942 | _cBOOK | ||
| 980 | _aNB | ||